000
00318nam a2200145Ia 4500
008
090122s9999 xx 000 0 und d
082
_b
4322
_a
U : 8 (E)
100
_a
Sunder
_b
Rajan
_c
K
245
_a
JUNNAGADH
600
_a
Sunder
630
_a
JUNNAGADH
700
_a
Sunder
730
_a
JUNNAGADH
942
_c
BOOK
999
_c
28400
_d
28400